000 00408nam a22001697a 4500
999 _c11542
_d11542
003 OSt
008 220920b ||||| |||| 00| 0 eng d
020 _a9789352138326
082 _a005.74 GRD
100 _aGRUS,Joel
245 _aData Science from Scratch First Principles with Python
250 _a2nd
260 _aNew Delhi
_bSPD
_c2022
300 _a384
650 _aCSE (CS)
942 _2ddc
_cBK
_011